[Event "Olympiad-45"]
[Site "Budapest"]
[Date "2024.09.21"]
[Round "10.2"]
[White "Nathoo, Loris"]
[Black "Yee, Soon Wei"]
[Result "1-0"]
[WhiteElo "1786"]
[BlackElo "2219"]
[PlyCount "65"]
[EventDate "2024.09.11"]
[EventType "team-swiss"]
[EventRounds "11"]
[EventCountry "HUN"]
[SourceTitle "CB39_2024"]
[SourceDate "2024.09.25"]
[SourceVersion "1"]
[SourceVersionDate "2024.09.25"]
[SourceQuality "1"]
[WhiteTeam "Guyana"]
[BlackTeam "Brunei Darussalam"]
[WhiteTeamCountry "GUY"]
[BlackTeamCountry "BRN"]

1. d4 Nf6 2. Bf4 g6 3. Nf3 Bg7 4. c3 0-0 5. Nbd2 d6 6. e4 c5 7. dxc5 dxc5 8. h3 b6 9. Qa4 Bb7 10. Rd1 Qc8 11. Bd3 a6 12. Bb1 b5 13. Qc2 Nbd7 14. c4 e5 15. Be3 Nh5 16. 0-0 b4 17. Rfe1 f5 18. exf5 gxf5 19. g4 e4 20. Ng5 f4 21. Ndxe4 fxe3 22. Rxe3 Bd4 23. Nd6 Nhf6 24. Nxc8 Raxc8 25. Nxh7 Bxe3 26. Qg6+ Kh8 27. Nxf8 Bxf2+ 28. Kxf2 Rxf8 29. Kg1 Bc6 30. g5 Ne5 31. Qh6+ Kg8 32. gxf6 Nf3+ 33. Kf2 1-0

[Event "Olympiad-45"]
[Site "Budapest"]
[Date "2024.09.19"]
[Round "8.2"]
[White "Yee, Soon Wei"]
[Black "Arkadan, Adib"]
[Result "0-1"]
[WhiteElo "2219"]
[BlackElo "2181"]
[PlyCount "72"]
[EventDate "2024.09.11"]
[EventType "team-swiss"]
[EventRounds "11"]
[EventCountry "HUN"]
[SourceTitle "CB39_2024"]
[SourceDate "2024.09.25"]
[SourceVersion "1"]
[SourceVersionDate "2024.09.25"]
[SourceQuality "1"]
[WhiteTeam "Brunei Darussalam"]
[BlackTeam "Lebanon"]
[WhiteTeamCountry "BRN"]
[BlackTeamCountry "LBN"]

1. e4 d6 2. d4 Nf6 3. Nc3 e5 4. Nf3 Nbd7 5. Bc4 Be7 6. a4 0-0 7. h3 c6 8. Ba2 Qc7 9. 0-0 h6 10. Re1 Re8 11. Be3 Nf8 12. dxe5 dxe5 13. Nh4 Ne6 14. Nf5 Bc5 15. Bxe6 Bxe3 16. Bxc8 Bc5 17. Qf3 Raxc8 18. Nxh6+ Kh7 19. Nf5 g6 20. Rad1 Re6 21. Ne3 Kg7 22. Ne2 Rh8 23. Ng3 Kf8 24. Rd3 Rh4 25. Ng4 Nxg4 26. hxg4 Kg7 27. Qd1 Rf6 28. Rf3 Rf4 29. g5 Rxf3 30. gxf3 Qc8 31. Kf1 Qh3+ 32. Ke2 Bxf2 33. Qd6 Bxe1 34. Qxe5+ Kh7 35. Kxe1 Qg2 36. a5 Qxf3 0-1

[Event "Olympiad-45"]
[Site "Budapest"]
[Date "2024.09.12"]
[Round "2.73"]
[White "Bridet, Robert"]
[Black "Yee, Soon Wei"]
[Result "0-1"]
[WhiteElo "1697"]
[BlackElo "2219"]
[PlyCount "28"]
[EventDate "2024.09.11"]
[EventType "team-swiss"]
[EventRounds "11"]
[EventCountry "HUN"]
[SourceTitle "CB38_2024"]
[SourceDate "2024.09.18"]
[SourceVersion "1"]
[SourceVersionDate "2024.09.18"]
[SourceQuality "1"]
[WhiteTeam "Dominica"]
[BlackTeam "Brunei Darussalam"]
[WhiteTeamCountry "DMA"]
[BlackTeamCountry "BRN"]

1. e4 e5 2. Nf3 Nc6 3. Bc4 Bc5 4. 0-0 Nf6 5. Nc3 d6 6. d3 Bg4 7. a3 Nd4 8. Bg5 c6 9. Nb1 Nxf3+ 10. gxf3 Bh3 11. Re1 h6 12. Be3 Nh5 13. Qd2 Qf6 14. b4 Qxf3 0-1

[Event "Online Olym Div4 A"]
[Site "Chess.com INT"]
[Date "2020.08.02"]
[Round "9.4"]
[White "Jaiswal, Rupesh"]
[Black "Yee, Soon Wei"]
[Result "0-1"]
[WhiteElo "2115"]
[BlackElo "2222"]
[PlyCount "86"]
[EventDate "2020.07.31"]
[EventType "team-tourn (rapid)"]
[EventRounds "9"]
[EventCountry "USA"]
[SourceTitle "CBM 198"]
[Source "ChessBase"]
[SourceDate "2020.10.31"]
[SourceVersion "1"]
[SourceVersionDate "2020.10.31"]
[SourceQuality "1"]
[WhiteTeam "Nepal"]
[BlackTeam "Brunei"]
[WhiteTeamCountry "NEP"]
[BlackTeamCountry "BRN"]

1. d4 Nf6 2. Bf4 c5 3. e3 Qb6 4. Nc3 cxd4 5. exd4 Qxb2 6. Nb5 Nd5 7. Rb1 Qxa2 8. Ra1 Qb2 9. Bd2 Na6 10. Bc4 Ndb4 11. Bb3 Nxc2+ 12. Qxc2 Qxa1+ 13. Ke2 d5 14. Bc3 Nb4 15. Bxa1 Nxc2 16. Bxc2 Bg4+ 17. Kd2 Rc8 18. Nc3 e6 19. Ba4+ Kd8 20. Nge2 Bb4 21. Rb1 a5 22. f3 Bf5 23. Rc1 Ba3 24. Rd1 Ke7 25. h4 h5 26. Re1 Kf6 27. Nf4 Bb4 28. Nd3 Rc4 29. Nxb4 axb4 30. Nb5 Ra8 31. Bb3 Rc6 32. g4 hxg4 33. fxg4 Be4 34. Rf1+ Ke7 35. Bb2 Rb6 36. Nc7 Rc8 37. Rc1 Kd8 38. Nxd5 exd5 39. Rf1 Rf6 40. Rxf6 gxf6 41. Ke3 Ke7 42. Kf4 Ke6 43. h5 Bc2 0-1

[Event "Olympiad-42"]
[Site "Baku"]
[Date "2016.09.12"]
[Round "10.1"]
[White "Mafnas, Peter"]
[Black "Yee, Soon Wei"]
[Result "0-1"]
[WhiteElo "2095"]
[BlackElo "2293"]
[PlyCount "76"]
[EventDate "2016.09.02"]
[EventType "team-swiss"]
[EventRounds "11"]
[EventCountry "AZE"]
[SourceTitle "CBM 175"]
[Source "ChessBase"]
[SourceDate "2016.11.10"]
[SourceVersion "1"]
[SourceVersionDate "2016.11.10"]
[SourceQuality "1"]
[WhiteTeam "Guam"]
[BlackTeam "Brunei"]
[WhiteTeamCountry "GMA"]
[BlackTeamCountry "BRN"]

1. d4 Nf6 2. c4 g6 3. Nf3 Bg7 4. g3 c5 5. Bg2 cxd4 6. Nxd4 Nc6 7. e3 0-0 8. Nc3 d6 9. 0-0 Bg4 10. Nxc6 bxc6 11. Qa4 c5 12. h3 Bd7 13. Qc2 Rb8 14. b3 Bf5 15. Qd2 Ne4 16. Bxe4 Bxe4 17. Bb2 Bc6 18. Rad1 a5 19. Nd5 Bxb2 20. Qxb2 a4 21. Qc3 Qd7 22. Kh2 axb3 23. axb3 Rb7 24. Rd3 Rfb8 25. Qc2 Qe6 26. f3 Ra8 27. Rf2 Ra1 28. Nf4 Qe5 29. e4 f5 30. Re3 g5 31. Ng2 fxe4 32. f4 Qd4 33. fxg5 Rba7 34. Rd2 Qe5 35. h4 Rf1 36. Qb2 Raa1 37. Nf4 Rxf4 38. Qxe5 dxe5 0-1

[Event "Olympiad-42"]
[Site "Baku"]
[Date "2016.09.08"]
[Round "6.1"]
[White "Ayyad, Husain Abdulgalil"]
[Black "Yee, Soon Wei"]
[Result "1/2-1/2"]
[WhiteElo "2176"]
[BlackElo "2293"]
[PlyCount "154"]
[EventDate "2016.09.02"]
[EventType "team-swiss"]
[EventRounds "11"]
[EventCountry "AZE"]
[SourceTitle "CBM 175"]
[Source "ChessBase"]
[SourceDate "2016.11.10"]
[SourceVersion "1"]
[SourceVersionDate "2016.11.10"]
[SourceQuality "1"]
[WhiteTeam "Bahrain"]
[BlackTeam "Brunei"]
[WhiteTeamCountry "BHN"]
[BlackTeamCountry "BRN"]

1. e4 d6 2. h3 Nf6 3. Nc3 e5 4. d4 Nbd7 5. Be3 a6 6. g4 g6 7. g5 Nh5 8. dxe5 dxe5 9. Be2 Nf4 10. Bxf4 exf4 11. Qd4 f6 12. Nd5 Bc5 13. Nxf6+ Qxf6 14. Qxf6 Nxf6 15. gxf6 Bd4 16. 0-0-0 Bxf6 17. Bg4 Ke7 18. Nf3 Be6 19. Rhg1 Rad8 20. Rxd8 Rxd8 21. Bxe6 Kxe6 22. Rg4 Rf8 23. c3 Be7 24. Kd2 b5 25. Ke2 c5 26. Ng5+ Bxg5 27. Rxg5 c4 28. Rc5 Rd8 29. a4 Rb8 30. Rc6+ Ke5 31. Kf3 g5 32. Rxa6 bxa4 33. Ra5+ Kf6 34. Rxa4 Rxb2 35. Rxc4 h6 36. Rc6+ Kg7 37. e5 Rc2 38. Kg4 Rxf2 39. Kf5 f3 40. Rc7+ Kg8 41. Kg6 Kf8 42. Rf7+ Ke8 43. Rf5 Rf1 44. Kxh6 f2 45. Kg6 Ke7 46. Rf6 Rc1 47. Rxf2 Rxc3 48. Rh2 Ke6 49. Kxg5 Kxe5 50. Re2+ Kd6 51. h4 Rg3+ 52. Kh6 Rg4 53. h5 Kd7 54. Kh7 Rg5 55. h6 Rg1 56. Ra2 Ke7 57. Ra7+ Kf8 58. Rg7 Rh1 59. Rg3 Kf7 60. Rf3+ Ke7 61. Ra3 Rg1 62. Kh8 Rg6 63. Ra7+ Kf8 64. Kh7 Rg1 65. Ra2 Kf7 66. Rf2+ Ke7 67. Rb2 Kf7 68. Rb6 Rg2 69. Rb7+ Kf8 70. Rc7 Rg1 71. Rc3 Kf7 72. Rf3+ Ke7 73. Rf2 Rg3 74. Kh8 Rg6 75. Kh7 Rg1 76. Rb2 Kf7 77. Rb6 Rg2 1/2-1/2

[Event "Manila PSC Cup"]
[Site "Manila"]
[Date "2013.01.17"]
[Round "6"]
[White "Yee, Soon Wei"]
[Black "Calvelo, Jelvis"]
[Result "1-0"]
[WhiteElo "2243"]
[BlackElo "2059"]
[PlyCount "89"]
[EventDate "2013.01.14"]
[EventType "swiss"]
[EventRounds "9"]
[EventCountry "PHI"]
[SourceTitle "CBM 152 Extra"]
[Source "ChessBase"]
[SourceDate "2013.02.25"]
[SourceVersion "1"]
[SourceVersionDate "2013.02.25"]
[SourceQuality "1"]

1. e4 e6 2. d4 d5 3. Nd2 Nf6 4. e5 Nfd7 5. Bd3 c5 6. c3 Qb6 7. Ne2 Nc6 8. Nf3 cxd4 9. cxd4 Bb4+ 10. Bd2 Bxd2+ 11. Qxd2 Qb4 12. a3 Qxd2+ 13. Nxd2 f6 14. f4 fxe5 15. fxe5 0-0 16. Rf1 Rxf1+ 17. Kxf1 Nf8 18. Rc1 Bd7 19. Nb3 b6 20. Ba6 Rb8 21. Kf2 Kf7 22. Ke3 Ke7 23. h4 Ng6 24. g3 Nh8 25. Nf4 h6 26. Nh5 Kf7 27. Nd2 Ng6 28. b4 Nge7 29. g4 Bc8 30. Bd3 Kg8 31. Nb1 a5 32. b5 Nd8 33. Nc3 Bd7 34. Na4 Rc8 35. Rg1 Rb8 36. g5 Be8 37. Nf6+ Kf8 38. Nh7+ Kg8 39. gxh6 g6 40. Nf6+ Kf8 41. h5 Nf7 42. h7 Nh8 43. hxg6 Nexg6 44. Bxg6 Bxb5 45. Bd3 1-0

[Event "Manila PSC Cup"]
[Site "Manila"]
[Date "2013.01.15"]
[Round "3"]
[White "Gomez, John Paul"]
[Black "Yee, Soon Wei"]
[Result "1-0"]
[WhiteElo "2520"]
[BlackElo "2243"]
[PlyCount "85"]
[EventDate "2013.01.14"]
[EventType "swiss"]
[EventRounds "9"]
[EventCountry "PHI"]
[SourceTitle "CBM 152 Extra"]
[Source "ChessBase"]
[SourceDate "2013.02.25"]
[SourceVersion "1"]
[SourceVersionDate "2013.02.25"]
[SourceQuality "1"]

1. c4 Nf6 2. d4 c5 3. d5 b5 4. cxb5 a6 5. e3 g6 6. Nc3 Bg7 7. Nf3 0-0 8. bxa6 d6 9. h3 Nbd7 10. Be2 Bxa6 11. 0-0 Qa5 12. e4 Rfb8 13. Re1 Ne8 14. Qc2 Bxe2 15. Rxe2 Nc7 16. Bd2 Nb5 17. Nxb5 Qxb5 18. Bc3 Bxc3 19. bxc3 Qa4 20. Qd2 f6 21. h4 Qc4 22. h5 Ra3 23. Rc1 Nf8 24. Nh4 Re8 25. Rc2 e6 26. hxg6 hxg6 27. dxe6 Rxe6 28. f3 Kg7 29. g3 Nd7 30. Ng2 Ne5 31. Rf2 Re8 32. Qxd6 Rxc3 33. Ne3 Qd4 34. Qc7+ Kg8 35. Rxc3 Qxc3 36. Nd5 Nxf3+ 37. Kg2 Ne1+ 38. Kf1 Qd3+ 39. Kg1 Nf3+ 40. Kg2 Nh4+ 41. Kh3 Qd4 42. Nxf6+ Kf8 43. Nh7+ 1-0

[Event "ASEAN-ch"]
[Site "Yangon"]
[Date "2012.10.24"]
[Round "3"]
[White "Myo, Naing"]
[Black "Yee, Soon Wei"]
[Result "1/2-1/2"]
[WhiteElo "2293"]
[BlackElo "2247"]
[PlyCount "46"]
[EventDate "2012.10.23"]
[EventType "tourn"]
[EventRounds "9"]
[EventCountry "MYA"]
[EventCategory "3"]
[SourceTitle "EXT 2013"]
[Source "ChessBase"]
[SourceDate "2012.11.22"]
[SourceVersion "1"]
[SourceVersionDate "2012.11.22"]
[SourceQuality "1"]

1. e4 e5 2. Nc3 Nf6 3. g3 d5 4. exd5 Nxd5 5. Bg2 Nxc3 6. bxc3 Bc5 7. Ne2 Nc6 8. 0-0 0-0 9. Bb2 Bg4 10. h3 Bh5 11. g4 Bg6 12. d4 Bd6 13. Bxc6 bxc6 14. dxe5 Rb8 15. Bc1 Bc5 16. Nd4 Qd5 17. Be3 Rb2 18. f4 Be4 19. a4 Bxd4 20. Qxd4 Rxc2 21. Rf2 a6 22. Rxc2 Bxc2 23. Qxd5 cxd5 1/2-1/2

[Event "ASEAN-ch"]
[Site "Yangon"]
[Date "2012.10.23"]
[Round "1"]
[White "Aulia, Medina Warda"]
[Black "Yee, Soon Wei"]
[Result "1/2-1/2"]
[WhiteElo "2311"]
[BlackElo "2247"]
[PlyCount "89"]
[EventDate "2012.10.23"]
[EventType "tourn"]
[EventRounds "9"]
[EventCountry "MYA"]
[EventCategory "3"]
[SourceTitle "EXT 2013"]
[Source "ChessBase"]
[SourceDate "2012.11.22"]
[SourceVersion "1"]
[SourceVersionDate "2012.11.22"]
[SourceQuality "1"]

1. e4 e5 2. Nf3 Nc6 3. Bc4 Bc5 4. d3 Nf6 5. c3 a6 6. Bb3 Ba7 7. 0-0 d6 8. Be3 0-0 9. Nbd2 h6 10. Re1 Re8 11. Nf1 Be6 12. Bxa7 Rxa7 13. Ng3 Ra8 14. d4 Bg4 15. d5 Na5 16. Bc2 c5 17. h3 Bd7 18. Nh4 g6 19. b4 cxb4 20. cxb4 Nc4 21. Bb3 Rc8 22. a4 Kg7 23. Qe2 b5 24. a5 Nxd5 25. exd5 Qxh4 26. Rac1 f5 27. Nf1 Rc7 28. Rc2 Rec8 29. Rec1 Qd4 30. Ne3 Rb7 31. Bxc4 bxc4 32. Rxc4 Bb5 33. Rxd4 Bxe2 34. Rxc8 exd4 35. Nc4 d3 36. f4 Rxb4 37. Kf2 Rb5 38. Rc7+ Kf8 39. Nb6 Rb2 40. Rc8+ Ke7 41. Rc7+ Kd8 42. Rc8+ Ke7 43. Rc7+ Kd8 44. Rc8+ Ke7 45. Rc7+ 1/2-1/2

[Event "Brunei GM"]
[Site "Bandar Seri Begawan"]
[Date "2012.04.15"]
[Round "5"]
[White "Nguyen, Anh Dung"]
[Black "Yee, Soon Wei"]
[Result "1/2-1/2"]
[WhiteElo "2439"]
[BlackElo "2200"]
[PlyCount "42"]
[EventDate "2012.04.13"]
[EventType "tourn"]
[EventRounds "9"]
[EventCountry "BRN"]
[EventCategory "7"]
[SourceTitle "CBM 148 Extra"]
[Source "ChessBase"]
[SourceDate "2012.06.22"]
[SourceVersion "1"]
[SourceVersionDate "2012.06.22"]
[SourceQuality "1"]

1. d4 d5 2. c4 e6 3. Nc3 Be7 4. cxd5 exd5 5. Bf4 c6 6. e3 Bf5 7. Nge2 Nf6 8. Ng3 Bg6 9. Bd3 Bxd3 10. Qxd3 g6 11. 0-0 0-0 12. a3 Nbd7 13. Bg5 Ng4 14. Bxe7 Qxe7 15. h3 Ngf6 16. Rfe1 Rae8 17. e4 dxe4 18. Ngxe4 Nxe4 19. Rxe4 Qd8 20. Rae1 Rxe4 21. Rxe4 Nf6 1/2-1/2

[Event "Brunei GM"]
[Site "Bandar Seri Begawan"]
[Date "2012.04.14"]
[Round "3"]
[White "Yap, Kim Steven"]
[Black "Yee, Soon Wei"]
[Result "0-1"]
[WhiteElo "2405"]
[BlackElo "2200"]
[PlyCount "84"]
[EventDate "2012.04.13"]
[EventType "tourn"]
[EventRounds "9"]
[EventCountry "BRN"]
[EventCategory "7"]
[SourceTitle "CBM 148 Extra"]
[Source "ChessBase"]
[SourceDate "2012.06.22"]
[SourceVersion "1"]
[SourceVersionDate "2012.06.22"]
[SourceQuality "1"]

1. e4 e5 2. Nf3 Nc6 3. Bc4 Bc5 4. b4 Bb6 5. a4 a6 6. Nc3 Nf6 7. Nd5 Ba7 8. 0-0 0-0 9. Re1 d6 10. c3 Bg4 11. h3 Bh5 12. d3 h6 13. Be3 Nxd5 14. Bxd5 Qf6 15. g4 Bxe3 16. fxe3 Bg6 17. Rf1 Qe7 18. Ra2 Nd8 19. Raf2 c6 20. Ba2 Ne6 21. Kh2 Rad8 22. Kg3 d5 23. Nh4 Bh7 24. Nf5 Qc7 25. Qf3 Ng5 26. Qg2 dxe4 27. h4 Ne6 28. dxe4 c5 29. Bd5 cxb4 30. cxb4 Qb6 31. Ne7+ Kh8 32. Rxf7 Rxf7 33. Rxf7 Qxe3+ 34. Rf3 Qe1+ 35. Qf2 Qxb4 36. Nf5 Nf4 37. Rb3 Qxa4 38. Rxb7 Bxf5 39. gxf5 Qa3+ 40. Qf3 Qc1 41. Qf2 Rc8 42. Kh2 Nxd5 0-1

[Event "Brunei Campomanes Memorial"]
[Site "Bandar Seri Begawan"]
[Date "2012.04.11"]
[Round "8"]
[White "Ding, Tze How Dilwen"]
[Black "Yee, Soon Wei"]
[Result "0-1"]
[WhiteElo "1739"]
[BlackElo "2200"]
[PlyCount "74"]
[EventDate "2012.04.08"]
[EventType "swiss"]
[EventRounds "9"]
[EventCountry "BRN"]
[SourceTitle "CBM 147 Extra"]
[Source "ChessBase"]
[SourceDate "2012.04.24"]
[SourceVersion "1"]
[SourceVersionDate "2012.04.24"]
[SourceQuality "1"]

1. e4 e5 2. f4 exf4 3. Bc4 Nf6 4. Nc3 c6 5. d3 d5 6. exd5 Nxd5 7. Bxd5 cxd5 8. Bxf4 Nc6 9. Nf3 Be7 10. 0-0 0-0 11. d4 Bg4 12. Ne2 Rc8 13. c3 b5 14. a3 a5 15. h3 Bh5 16. Bd2 Bg6 17. Nf4 Be4 18. Be1 Bd6 19. Nd2 Re8 20. g4 Bxf4 21. Rxf4 Qd6 22. Bg3 g5 23. Rf3 Bxf3 24. Qxf3 Qe6 25. Re1 Qd7 26. Rxe8+ Rxe8 27. Qf6 Re6 28. Qxg5+ Rg6 29. Qf4 Qe7 30. h4 Qe2 31. g5 Re6 32. Bf2 Ne7 33. b4 Ng6 34. Qb8+ Re8 35. Qg3 Qxd2 36. h5 Nf4 37. h6 Ne2+ 0-1

[Event "Brunei Campomanes Memorial"]
[Site "Bandar Seri Begawan"]
[Date "2012.04.11"]
[Round "7"]
[White "Yee, Soon Wei"]
[Black "Yeoh, Li Tian"]
[Result "0-1"]
[WhiteElo "2200"]
[BlackElo "2204"]
[PlyCount "106"]
[EventDate "2012.04.08"]
[EventType "swiss"]
[EventRounds "9"]
[EventCountry "BRN"]
[SourceTitle "CBM 147 Extra"]
[Source "ChessBase"]
[SourceDate "2012.04.24"]
[SourceVersion "1"]
[SourceVersionDate "2012.04.24"]
[SourceQuality "1"]

1. e4 e5 2. Nf3 Nc6 3. d4 exd4 4. Bc4 Nf6 5. e5 d5 6. Bb5 Ne4 7. Nxd4 Bd7 8. Bxc6 bxc6 9. 0-0 Bc5 10. f3 Ng5 11. f4 Ne4 12. Be3 0-0 13. Nd2 Nxd2 14. Qxd2 Qe7 15. Nb3 Bb6 16. a4 Rab8 17. a5 Bxe3+ 18. Qxe3 c5 19. Qxc5 Qxc5+ 20. Nxc5 Bf5 21. Ra2 Rb5 22. Nd3 c5 23. Rd1 c4 24. Ne1 Be4 25. b3 cxb3 26. cxb3 Rxb3 27. Rc1 f6 28. e6 Rb7 29. Nf3 Re8 30. Nd4 Rb4 31. Nc6 Rc4 32. Raa1 a6 33. e7 Kf7 34. Rxc4 dxc4 35. Nb4 c3 36. Nxa6 Rc8 37. Nb4 c2 38. Rc1 f5 39. Kf2 Kxe7 40. g3 Rb8 41. Na2 Rb2 42. Nc3 Rb1 43. Na2 Kd6 44. Ke3 Kc5 45. Kd2 Kc4 46. Re1 Kb3 47. Nc1+ Kb2 48. a6 Ra1 49. g4 Rxa6 50. gxf5 Rd6+ 51. Ke2 Bxf5 52. h3 Bg6 53. Rf1 Rd1 0-1

[Event "Brunei Campomanes Memorial"]
[Site "Bandar Seri Begawan"]
[Date "2012.04.08"]
[Round "2"]
[White "Yee, Soon Wei"]
[Black "Nguyen, Anh Dung"]
[Result "0-1"]
[WhiteElo "2200"]
[BlackElo "2439"]
[PlyCount "84"]
[EventDate "2012.04.08"]
[EventType "swiss"]
[EventRounds "9"]
[EventCountry "BRN"]
[SourceTitle "CBM 147 Extra"]
[Source "ChessBase"]
[SourceDate "2012.04.24"]
[SourceVersion "1"]
[SourceVersionDate "2012.04.24"]
[SourceQuality "1"]

1. e4 e5 2. Nf3 Nc6 3. d4 exd4 4. Bc4 Bc5 5. 0-0 d6 6. c3 dxc3 7. Nxc3 Nge7 8. Bg5 h6 9. Bh4 Be6 10. Nd5 0-0 11. Re1 Qd7 12. Qc1 Ng6 13. Bg3 Nce5 14. Be2 Bxd5 15. Nxe5 Nxe5 16. exd5 Rae8 17. Qc3 Re7 18. h3 Rfe8 19. b4 Bb6 20. a4 a6 21. Rec1 Qf5 22. a5 Ba7 23. b5 axb5 24. Bxb5 c6 25. dxc6 bxc6 26. Bf1 d5 27. a6 c5 28. Rab1 d4 29. Qd2 c4 30. Bxe5 c3 31. Qd3 Qxe5 32. Rb7 g6 33. Rcb1 Kg7 34. g3 Rc8 35. Rxe7 Qxe7 36. Rb7 Rc7 37. Rxc7 Qxc7 38. Qc2 d3 39. Bxd3 Qxg3+ 40. Kf1 Qxh3+ 41. Ke1 Qh1+ 42. Bf1 Qf3 0-1

[Event "Kuala Lumpur op 8th"]
[Site "Kuala Lumpur"]
[Date "2011.08.18"]
[Round "1"]
[White "Camilia, Bt Johari"]
[Black "Yee, Soon Wei"]
[Result "0-1"]
[WhiteElo "1753"]
[BlackElo "2281"]
[PlyCount "70"]
[EventDate "2011.08.18"]
[EventType "swiss"]
[EventRounds "9"]
[EventCountry "MAS"]
[SourceTitle "CBM 144 Extra"]
[Source "ChessBase"]
[SourceDate "2011.10.28"]
[SourceVersion "1"]
[SourceVersionDate "2011.10.28"]
[SourceQuality "1"]

1. d4 Nf6 2. Nf3 g6 3. c4 Bg7 4. Nc3 d5 5. Bg5 Ne4 6. Bh4 Nxc3 7. bxc3 dxc4 8. Qa4+ Qd7 9. Qxc4 b6 10. e3 Ba6 11. Qb3 Bxf1 12. Kxf1 0-0 13. Ke2 c5 14. Rhd1 cxd4 15. cxd4 Nc6 16. Kf1 Rac8 17. Rac1 Na5 18. Qa3 e6 19. Nd2 Rxc1 20. Rxc1 e5 21. Ne4 f5 22. Nc3 exd4 23. exd4 Qxd4 24. Bg5 Qd3+ 25. Kg1 h6 26. Be7 Re8 27. Bb4 Nc6 28. Qb3+ Kh7 29. h3 Nxb4 30. Qxb4 Rc8 31. Rd1 Qxc3 32. Qe7 Rc7 33. Qe6 Qc2 34. Rd6 Qc1+ 35. Kh2 Qf4+ 0-1

[Event "BRU-ch"]
[Site "Bandar Seri Begawan"]
[Date "2011.07.10"]
[Round "6"]
[White "Hj Kura, Hj Abu Nipah"]
[Black "Yee, Soon Wei"]
[Result "0-1"]
[WhiteElo "2298"]
[BlackElo "2281"]
[PlyCount "104"]
[EventDate "2011.07.01"]
[EventType "swiss"]
[EventRounds "7"]
[EventCountry "BRN"]
[SourceTitle "EXT 2012"]
[Source "ChessBase"]
[SourceDate "2011.11.24"]
[SourceVersion "1"]
[SourceVersionDate "2011.11.24"]
[SourceQuality "1"]

1. c4 Nf6 2. Nf3 g6 3. Nc3 d5 4. cxd5 Nxd5 5. e4 Nxc3 6. bxc3 Bg7 7. Bc4 0-0 8. 0-0 c5 9. h3 Nc6 10. Bb2 Qc7 11. Qc2 Qf4 12. Be2 Rd8 13. Rad1 Be6 14. d4 cxd4 15. cxd4 Nb4 16. Qa4 Qxe4 17. Rfe1 a5 18. Bb5 Qd5 19. a3 Nc6 20. Bxc6 bxc6 21. Ne5 Qb5 22. Qxb5 cxb5 23. Bc3 Rdc8 24. Ba1 Bxe5 25. Rxe5 Rab8 26. d5 Rd8 27. Rde1 Rxd5 28. Rxd5 Bxd5 29. Rxe7 b4 30. axb4 axb4 31. Bb2 b3 32. h4 Be6 33. Ra7 h6 34. Kh2 g5 35. hxg5 hxg5 36. Kg3 Kh7 37. f4 gxf4+ 38. Kxf4 Rg8 39. g3 Rg4+ 40. Kf3 Rc4 41. Ke3 Kg6 42. Rb7 Rc2 43. Bd4 Kf5 44. Rb8 Kg4 45. Be5 Rg2 46. Rb6 Kf5 47. Rb5 Bc4 48. Rc5 Re2+ 49. Kf3 Rxe5 50. Rxc4 Rb5 51. Rc1 b2 52. Rb1 Rb3+ 0-1

[Event "BRU-ch"]
[Site "Bandar Seri Begawan"]
[Date "2011.07.08"]
[Round "5"]
[White "Yee, Soon Wei"]
[Black "Hj, Azahari Md Aliuddin"]
[Result "1/2-1/2"]
[WhiteElo "2281"]
[BlackElo "2076"]
[PlyCount "41"]
[EventDate "2011.07.01"]
[EventType "swiss"]
[EventRounds "7"]
[EventCountry "BRN"]
[SourceTitle "EXT 2012"]
[Source "ChessBase"]
[SourceDate "2011.11.24"]
[SourceVersion "1"]
[SourceVersionDate "2011.11.24"]
[SourceQuality "1"]

1. e4 e6 2. d4 d5 3. Nc3 Nf6 4. Bg5 dxe4 5. Nxe4 Nbd7 6. Nf3 h6 7. Nxf6+ Nxf6 8. Bh4 c5 9. Bb5+ Bd7 10. Bxd7+ Qxd7 11. Qe2 Be7 12. 0-0-0 0-0 13. dxc5 Qc6 14. Ne5 Qxc5 15. Bxf6 Bxf6 16. Nd7 Bxb2+ 17. Kxb2 Qb4+ 18. Ka1 Qc3+ 19. Kb1 Qb4+ 20. Kc1 Qa3+ 21. Kb1 1/2-1/2